000 00616nam a2200253Ia 4500
005 20260121155437.0
008 008 260114s9999 xx 000 0 eng d
020 _a9781003030508
037 _aEBOOK
040 _aCRL
040 _beng
040 _cCRL
041 _2eng
041 _aeng
084 _qCRL
100 _a John Steiner
_91019563
245 0 _aIllusion, Disillusion, and Irony in Psychoanalysis
260 _bTaylor and Francis
260 _c2020
856 _uhttp://www.taylorfrancis.com/books/9781003030508
942 _cEBOOK
999 _c1586382
_d1586382